Autores costarricenses : 7 textos para ejercicios idiomáticos
Uloženo v:
| Médium: | Neznámo |
|---|---|
| Jazyk: | Spanish |
| Vydáno: |
San José, Costa Rica:
Fernández Arce,
1974.
|
| Vydání: | 10. edición |
| Témata: | |
| Tagy: |
Přidat tag
Žádné tagy, Buďte první, kdo vytvoří štítek k tomuto záznamu!
|
MARC
| LEADER | 000000000a22000000004500 | ||
|---|---|---|---|
| 001 | 000756 | ||
| 008 | 160916s1974 cr |||||r|||| 00| 0 spa d | ||
| 040 | |a CIICLA - UCR | ||
| 041 | |a spa | ||
| 082 | |a CR860.9 |b F363a10 | ||
| 245 | 1 | 0 | |a Autores costarricenses : 7 textos para ejercicios idiomáticos |
| 250 | |a 10. edición | ||
| 260 | |a San José, Costa Rica: |b Fernández Arce, |c 1974. | ||
| 300 | |a 362 páginas | ||
| 500 | |a Número de inscripción 00960 | ||
| 650 | 1 | 4 | |a LITERATURA COSTARRICENSE |v POESIA |
| 650 | 4 | |a NARRATIVA | |
| 650 | 4 | |a HISTORIA Y CRITICA | |
| 650 | 4 | |a ESPAÑOL | |
| 650 | 4 | |a ESTUDIO Y ENSEÑANZA | |
| 650 | 4 | |a AUTORES COSTARRICENSES | |
| 942 | |2 ddc |c BK | ||
| 999 | |c 1532 |d 1532 | ||
